English Premier League 2023/24 teams - Statistics

General Stats
  • This quiz has been taken 88 times
  • The average score is 17 of 20
Answer Stats
Team % Correct
Arsenal
99%
Chelsea
97%
Manchester City
97%
Manchester United
97%
Liverpool
96%
Tottenham Hotspur
91%
Everton
88%
Westham United
88%
Wolverhampton Wanderes
87%
Brighton & Hove Albion
85%
Luton Town
82%
Burnley
79%
Newcastle United
79%
Aston Villa
78%
Bournemouth
75%
Crystal Palace
75%
Nottingham Forest
74%
Fulham
72%
Brentford
69%
Sheffield United
68%
No matching quizzes found
Score Distribution
Percent of People with Each Score
Percentile by Number Answered
Your Score History
You have not taken this quiz